000 01102nam a22002537a 4500
005 20240305165453.0
007 cr|||| ||||
008 170908s2017 mx |||||s|||| 00||0 spa d
020 _a978-607-629-011-8
035 _a20546
040 _avLex
090 _c6942
_d6942
100 1 _aPérez Chávez, José
245 1 0 _aGuía práctica fiscal ISR, IVA, IMSS e Infonavit 2017
_h[Recurso electrónico] /
_cJosé Pérez Chávez, Raymundo Fol Olguín
256 _aServicio en línea
260 _aMexico DF:
_bTax Editores,
_c2017
300 _a1 recurso electrónico
506 1 _aDisponible solo en los productos indicados
_dvLex Global
_dvLex Global (Academic Edition, excluding Law Schools)
_dvLex Global (U.S. Academic Edition, Law Schools)
_dvLex Global (U.S. Academic Edition, excluding Law Schools)
_dvLex Global (Academic Edition, Law Schools)
650 0 4 _aDerecho Fiscal
_zMéxico
700 1 _aFol Olguín, Raymundo
740 0 _avLex Libros (Servicio en línea)
856 4 0 _uhttps://app.vlex.com/#/sources/guia-practica-fiscal-isr-iva-imss-infonavit-2017-20546
942 _cRAA
999 _c165189
_d165189